| 000 | 00390nam a22001697a 4500 | ||
|---|---|---|---|
| 999 |
_c7843 _d7841 |
||
| 005 | 20220120113852.0 | ||
| 008 | 220120b ||||| |||| 00| 0 eng d | ||
| 020 | _a978-93-86245-76-2 | ||
| 041 | _aeng | ||
| 082 | _a150 | ||
| 100 |
_aMANGAL, S.K _96964 |
||
| 245 | _aGENERAL PSYCHOLOGY | ||
| 260 |
_aU.P _bSTERLING .PVT.LTD _c2019 |
||
| 300 | _a416,p | ||
| 650 |
_aBPT _96963 |
||
| 942 | _cBK | ||